<?xml version="1.0" encoding="UTF-8"?>
<record
    xmlns:xsi="http://www.w3.org/2001/XMLSchema-instance"
    xsi:schemaLocation="http://www.loc.gov/MARC21/slim http://www.loc.gov/standards/marcxml/schema/MARC21slim.xsd"
    xmlns="http://www.loc.gov/MARC21/slim">

  <leader>00616nam a22002051a 4500</leader>
  <controlfield tag="008">220501s2011    xx            000 0 eng d</controlfield>
  <datafield tag="020" ind1=" " ind2=" ">
    <subfield code="a">9788131731635</subfield>
  </datafield>
  <datafield tag="082" ind1=" " ind2=" ">
    <subfield code="a">658.8</subfield>
    <subfield code="b">AND-B</subfield>
  </datafield>
  <datafield tag="100" ind1=" " ind2=" ">
    <subfield code="a">Anderson, James C.</subfield>
  </datafield>
  <datafield tag="245" ind1=" " ind2=" ">
    <subfield code="a">Business market management (B2B) :</subfield>
    <subfield code="b">understanding, creating and delivering value /</subfield>
    <subfield code="c">James C. Anderson ... [et al.]</subfield>
  </datafield>
  <datafield tag="250" ind1=" " ind2=" ">
    <subfield code="a">3rd ed.</subfield>
  </datafield>
  <datafield tag="260" ind1=" " ind2=" ">
    <subfield code="a">Noida :</subfield>
    <subfield code="b">Pearson,</subfield>
    <subfield code="c">2011.</subfield>
  </datafield>
  <datafield tag="300" ind1=" " ind2=" ">
    <subfield code="a">xxii, 470 p. ;</subfield>
  </datafield>
  <datafield tag="650" ind1=" " ind2=" ">
    <subfield code="a">Marketing</subfield>
  </datafield>
  <datafield tag="650" ind1=" " ind2=" ">
    <subfield code="a">Industrial marketing</subfield>
  </datafield>
  <datafield tag="700" ind1=" " ind2=" ">
    <subfield code="a">Narus, James A.</subfield>
  </datafield>
  <datafield tag="700" ind1=" " ind2=" ">
    <subfield code="a">Seshadri, D.V.R.</subfield>
  </datafield>
  <datafield tag="700" ind1=" " ind2=" ">
    <subfield code="a">Narayandas, Das</subfield>
  </datafield>
  <datafield tag="942" ind1=" " ind2=" ">
    <subfield code="2">ddc</subfield>
    <subfield code="c">BK</subfield>
    <subfield code="0">5</subfield>
  </datafield>
  <datafield tag="999" ind1=" " ind2=" ">
    <subfield code="c">19661</subfield>
    <subfield code="d">19661</subfield>
  </datafield>
  <datafield tag="952" ind1=" " ind2=" ">
    <subfield code="0">0</subfield>
    <subfield code="1">0</subfield>
    <subfield code="2">ddc</subfield>
    <subfield code="4">0</subfield>
    <subfield code="7">0</subfield>
    <subfield code="a">SOBD</subfield>
    <subfield code="b">SOBD</subfield>
    <subfield code="d">2023-05-24</subfield>
    <subfield code="e">Vedi Books</subfield>
    <subfield code="f">INR</subfield>
    <subfield code="g">890.00</subfield>
    <subfield code="o">658.8 AND-B1</subfield>
    <subfield code="p">004385</subfield>
    <subfield code="r">2023-05-24</subfield>
    <subfield code="t">1</subfield>
    <subfield code="w">2023-04-18</subfield>
    <subfield code="y">REF</subfield>
    <subfield code="k">VEDI/23-24/04/12</subfield>
  </datafield>
  <datafield tag="952" ind1=" " ind2=" ">
    <subfield code="0">0</subfield>
    <subfield code="1">0</subfield>
    <subfield code="2">ddc</subfield>
    <subfield code="4">0</subfield>
    <subfield code="7">0</subfield>
    <subfield code="a">SOBD</subfield>
    <subfield code="b">SOBD</subfield>
    <subfield code="d">2023-05-24</subfield>
    <subfield code="e">Vedi Books</subfield>
    <subfield code="f">INR</subfield>
    <subfield code="g">890.00</subfield>
    <subfield code="o">658.8 AND-B2</subfield>
    <subfield code="p">004386</subfield>
    <subfield code="r">2023-05-24</subfield>
    <subfield code="t">2</subfield>
    <subfield code="w">2023-04-18</subfield>
    <subfield code="y">BK</subfield>
    <subfield code="k">VEDI/23-24/04/12</subfield>
  </datafield>
  <datafield tag="952" ind1=" " ind2=" ">
    <subfield code="0">0</subfield>
    <subfield code="1">0</subfield>
    <subfield code="2">ddc</subfield>
    <subfield code="4">0</subfield>
    <subfield code="7">0</subfield>
    <subfield code="a">SOBD</subfield>
    <subfield code="b">SOBD</subfield>
    <subfield code="d">2023-05-24</subfield>
    <subfield code="e">Vedi Books</subfield>
    <subfield code="f">INR</subfield>
    <subfield code="g">890.00</subfield>
    <subfield code="o">658.8 AND-B3</subfield>
    <subfield code="p">004387</subfield>
    <subfield code="r">2023-05-24</subfield>
    <subfield code="t">3</subfield>
    <subfield code="w">2023-04-18</subfield>
    <subfield code="y">BK</subfield>
    <subfield code="k">VEDI/23-24/04/12</subfield>
  </datafield>
  <datafield tag="952" ind1=" " ind2=" ">
    <subfield code="0">0</subfield>
    <subfield code="1">0</subfield>
    <subfield code="2">ddc</subfield>
    <subfield code="4">0</subfield>
    <subfield code="7">0</subfield>
    <subfield code="a">SOBD</subfield>
    <subfield code="b">SOBD</subfield>
    <subfield code="d">2023-05-24</subfield>
    <subfield code="e">Vedi Books</subfield>
    <subfield code="f">INR</subfield>
    <subfield code="g">890.00</subfield>
    <subfield code="l">2</subfield>
    <subfield code="m">1</subfield>
    <subfield code="o">658.8 AND-B4</subfield>
    <subfield code="p">004388</subfield>
    <subfield code="r">2025-11-15</subfield>
    <subfield code="s">2025-10-16</subfield>
    <subfield code="t">4</subfield>
    <subfield code="w">2023-04-18</subfield>
    <subfield code="y">BK</subfield>
    <subfield code="k">VEDI/23-24/04/12</subfield>
  </datafield>
  <datafield tag="952" ind1=" " ind2=" ">
    <subfield code="0">0</subfield>
    <subfield code="1">0</subfield>
    <subfield code="2">ddc</subfield>
    <subfield code="4">0</subfield>
    <subfield code="7">0</subfield>
    <subfield code="a">SOBD</subfield>
    <subfield code="b">SOBD</subfield>
    <subfield code="d">2023-05-24</subfield>
    <subfield code="e">Vedi Books</subfield>
    <subfield code="f">INR</subfield>
    <subfield code="g">890.00</subfield>
    <subfield code="l">2</subfield>
    <subfield code="o">658.8 AND-B5</subfield>
    <subfield code="p">004389</subfield>
    <subfield code="r">2024-08-14</subfield>
    <subfield code="s">2024-06-13</subfield>
    <subfield code="t">5</subfield>
    <subfield code="w">2023-04-18</subfield>
    <subfield code="y">BK</subfield>
    <subfield code="k">VEDI/23-24/04/12</subfield>
  </datafield>
  <datafield tag="952" ind1=" " ind2=" ">
    <subfield code="0">0</subfield>
    <subfield code="1">0</subfield>
    <subfield code="2">ddc</subfield>
    <subfield code="4">0</subfield>
    <subfield code="7">0</subfield>
    <subfield code="a">SOBD</subfield>
    <subfield code="b">SOBD</subfield>
    <subfield code="d">2023-05-24</subfield>
    <subfield code="e">Vedi Books</subfield>
    <subfield code="f">INR</subfield>
    <subfield code="g">890.00</subfield>
    <subfield code="l">1</subfield>
    <subfield code="o">658.8 AND-B6</subfield>
    <subfield code="p">004390</subfield>
    <subfield code="r">2024-01-04</subfield>
    <subfield code="s">2024-01-02</subfield>
    <subfield code="t">6</subfield>
    <subfield code="w">2023-04-18</subfield>
    <subfield code="y">BK</subfield>
    <subfield code="k">VEDI/23-24/04/12</subfield>
  </datafield>
</record>
